000 00512nam a22001697a 4500
003 OSt
005 20260505032346.0
008 260505b |||||||| |||| 00| 0 eng d
020 _a9781476758589
040 _aDWCL Main Lib.
_cOC
082 _aF B995s 2013
100 _aByrne, Rhonda
_eAuthor
245 _aThe secret hero /
_cRhonda Byrne
260 _aNew York :
_bAtria Books, a division of Simon & Schuster,
_cc2013.
300 _aix , 255 pages :
_bcolored illustrations ;
_c20cm.
942 _2ddc
_cFIC.
_n0
999 _c10245
_d10245